000 02267nam a2200289 a 4500
001 000047448
003 DO-SdBNP
005 20260217130814.0
007 ta
008 180530s2016 dr 000 0 spa d
040 _aDO-SdBNP
_bspa
_cBNPHU
_erda
041 _aspa
082 1 _a352.4097293
_bI43c 2015
_222
110 1 _aRepública Dominicana.
_bCámara de Cuentas
_912254
245 1 0 _aInforme al Congreso Nacional :
_banálisis y evaluación de la ejecución presupuestaria y la rendición de cuentas generales del Estado, año fiscal 2015.
264 1 _aSanto Domingo :
_bCámara de Cuentas de la República,
_c2016.
300 _a819 páginas ;
_c32 cm.
336 _atexto
_btxt
_2rdacontent
337 _asin mediación
_bn
_2rdamedia
338 _avolumen
_bnc
_2rdacarrier
505 0 _aMarco de la ley de presupuesto general del Estado del año 2015 --
_tAnálisis de la ejecución presupuestaria del Estado del año 20015 --
_tAnálisis de la deuda del sector público no financiero --
_tAnálisis del movimiento y disponibilidad --
_tAnálisis de ejecución presupuestaria de las instituciones descentralizadas y autónoma no financieras. Las instituciones públicas de la seguridad social y empresas públicas no financieras --
_tAnálisis de la ejecución presupuestaria del sector público financiero --
_tAnálisis prusupuestario de las entidades municipales --
_tInforme de los autitores de la Cámara de Cuentas de la República Dominicana sobre el estado de recaudación e inversión de las rentas (ERIR), basado en estado de ejecución presupuestaria (cuenta de ahorro-inversión y financiamiento (CAIF) del gobierno central , año 2015 --
_tDictamen de los auditores de la Cámara de Cuentas de la República -- Informaciones finanancieras de la entidad --
_tObservaciones , conclusiones y recomendaciones --
_tInforme sobre la auditorías prácticadas por la Cámara de Cuentas a las instituciones públicas durante el período 2015 --
_tRendición de cuentas y ejecución presupuestaria de la Cámara de Cuentas.
590 _aInventariado, 2018/VM
650 4 _aGastos públicos
_zRepública Dominicana
_96405
650 4 _aHacienda pública
_zRepública Dominicana
_96562
650 4 _aPresupuesto
_zRepública Dominicana
_97940
942 _2ddc
_cLBS1
999 _c46936
_d46936